00608 2200229 4500001002100000005001700021008004100038035002400079082000800103090001500111100001400126245007800140250001000218260002700228300003000255500002700285650001900312850001500331980001100346985000600357999001500363YOGYA-0209000000611120090227020852.0 ind  0010-020900000006111 a150 a150bSuj P aSUJONO, D aPengantar Psikologi Untuk Studi Ilmu Hukum dan KemasyarakatancSoedjono D aEd. 1 aBandungbTarsitoc1983 aiii, 131 hlmbilusc21 cm aBibliografi : hlm. 131 aIlmu Jiwa Umum aYOPDYOG(B) a020705 a1 aP000024967